=LDR 00000nam 2200000 4500 =001 INLIS000000000001798 =005 20130612090203 =008 ***********************************Ind** =035 ##$$0010-061300000001798 =041 ##$$a Ind =082 ##$$a 707 =090 ##$$a 707, Pra t =100 ##$$a Pranoto =245 ##$$a Tebaran budaya, Pranoto =260 ##$$a 1980 $b Jakarta =300 ##$$a 88 hlm, Ilus, 21 cm =650 ##$$a Seni Rupa =850 ##$$a NBPNMAT